01316nam a2200349 i 450000100060000000300080000600500170001400600190003100700150005000800410006502000280010603500220013404000310015605000250018708000210021208200120023310000350024524500790028026400740035930000520043333600310048533700330051633800430054949000490059258800830064165000310072465000300075565500270078570000410081283000500085385600630090329526FINmELB20241216220140.0m o u cr cn|||||||||211004s2019 mx o 000 0 spa d a9786073018296q(e-book) a(OCoLC)1280140553 aFINmELBbspaerdacFINmELB 4aPQ7797.E3bE244 2019 a821.134.2(82)-3204a8682231 aEcheverría, Esteban,eautor.13aEl matadero /cEsteban Echeverría ; introducción Jorge Mendoza Romero. 1aMéxico, D.F. :bUniversidad Nacional Autónoma de México,c2019. a1 recurso en línea (28 páginas sin numerar) atextobtxt2rdacontent/spa acomputadorabc2rdamedia/spa arecurso en líneabcr2rdacarrier/spa1 aColección Relato licenciado Vidriera ;v77 aDescripción basada en metadatos suministrados por el editor y otras fuentes. 4aNarrativa breve argentina. 0aShort stories, Argentine. 4aLibros electrónicos.1 aMendoza Romero, Jorge,eprologuista. 0aColección Relato licenciado Vidriera ;v77.40uhttps://elibro.net/ereader/politecnicointernacional/177734